Top Internet Using Countries - Statistics

General Stats
  • This quiz has been taken 3,529 times
  • The average score is 17 of 20
Answer Stats
No. Of Users Country % Correct
254,295,536 United States
100%
568,192,066 China
99%
54,861,245 United Kingdom
97%
54,473,474 France
96%
68,296,919 Germany
96%
151,598,994 India
96%
100,684,474 Japan
95%
75,926,004 Russia
95%
99,357,737 Brazil
94%
44,173,551 Mexico
91%
33,870,948 Spain
91%
29,760,764 Canada
90%
35,531,527 Italy
90%
38,191,873 Indonesia
85%
41,091,681 South Korea
84%
35,990,932 Turkey
73%
36,881,374 Egypt
71%
55,930,391 Nigeria
62%
37,602,976 Philippines
57%
36,140,967 Vietnam
55%
No matching quizzes found
Score Distribution
Percent of People with Each Score
Percentile by Number Answered
Your Score History
You have not taken this quiz